000 00623nam a2200253Ia 4500
003 OSt
005 20221007100040.0
006 a|||||r|||| 00| 0
007 ta
008 221006b |||||||| |||| 00| 0 eng d
024 _a3,619
037 _cTextual
040 _aLCO
_cLCO
_beng
041 _2eng
_aeng
082 _aZ3,4, M5
100 _aFLEMING J.G
_9683217
245 0 _aIntroduction to the law of torts
250 _a2
260 _aOxford
_bClarendon Press
_c1985
300 _a236
650 _aTORT
_9690780
942 _hZ3,4, M5
_cTEXL
999 _c1173182
_d1173182